Religion by Country of Origin Quiz Stats

 Plays Quiz Updated Dec 3, 2014

Support Sporcle.
Go Orange.
Score 0/20 Timer 03:00
2 Plays Today
% Correct
India
94.7%
Israel
94.6%
United States
91.8%
Israel
91.1%
United States
91%
India
88.9%
Saudi Arabia
88.5%
China
87.8%
Jamaica
87.4%
Japan
86.1%
% Correct
Germany
85.2%
China
84.2%
India
82.3%
Switzerland
73.5%
India
54.6%
Iran
53.9%
Iran
53.3%
South Korea
39.6%
Egypt
31.9%
Indonesia
27.3%

You're not logged in!

Compare scores with friends on all Sporcle quizzes.
OR
Log In

From the Vault

American Military Cemeteries Around the World

by gunnison

There are 25 American military cemeteries in 10 countries other than the United States. Do you know where they are?
Remove Ads.
Support Sporcle.
Get the best of Sporcle when you Go Orange. This ad-free experience offers more features, more stats, and more fun while also helping to support Sporcle. Thank you for becoming a member.

Show Comments

Extras

Top Quizzes Today


Score Distribution

Your Account Isn't Verified!

In order to create a playlist on Sporcle, you need to verify the email address you used during registration. Go to your Sporcle Settings to finish the process.

Report this User

Report this user for behavior that violates our Community Guidelines.

Details: